[Event "Oz.com qual blitz"]
[Site "ICC INT"]
[Date "2000.03.05"]
[Round "1"]
[White "McCarthy, Brian"]
[Black "Socko, Bartosz"]
[Result "0-1"]
[WhiteElo "2259"]
[BlackElo "2556"]
[PlyCount "190"]
[EventDate "2000.03.05"]
[EventType "swiss (blitz)"]
[EventRounds "9"]
[EventCountry "USA"]
[SourceTitle "EXT 2001"]
[Source "ChessBase"]
[SourceDate "2000.11.22"]
[SourceVersion "1"]
[SourceVersionDate "2000.11.22"]
[SourceQuality "1"]

1. d4 Nf6 2. Nf3 g6 3. Bf4 Bg7 4. e3 d6 5. h3 Nbd7 6. Be2 b6 7. c4 c5 8. Nc3 0-0 9. Rc1 Bb7 10. d5 a6 11. a4 Qc7 12. 0-0 Ne8 13. e4 e5 14. Be3 h6 15. Nd2 f5 16. f3 f4 17. Bf2 Nef6 18. Rb1 a5 19. Nb5 Qb8 20. Re1 Nh5 21. Nf1 Ba6 22. b3 Bxb5 23. cxb5 Qd8 24. Nd2 Bf6 25. Nc4 Qe7 26. Bf1 Rad8 27. Bd3 Ng7 28. Kf1 Ne8 29. Ke2 Bh4 30. Rf1 Bxf2 31. Rxf2 Ng7 32. Kd2 Nh5 33. Kc2 Ng3 34. Kb2 Rb8 35. Ka2 Nf6 36. Nd2 Nfh5 37. Qc2 Qh4 38. Nf1 Nxf1 39. Rbxf1 Kf7 40. Rc1 Ke7 41. Rff1 Kd7 42. Qf2 Ng3 43. Rfe1 Ra8 44. Be2 Rh8 45. Rg1 Qf6 46. Bd1 g5 47. Qb2 Ke7 48. Qc2 h5 49. Qd3 Qg6 50. Rc3 g4 51. fxg4 hxg4 52. Bxg4 Qxe4 53. Qxe4 Nxe4 54. Rc2 Rag8 55. Rf1 Nf6 56. Be6 Rg3 57. Re2 Kd8 58. Rff2 Rh7 59. Kb2 Rhg7 60. Kc2 R3g5 61. g4 fxg3 62. Rg2 Nh5 63. Re1 Nf4 64. Rgg1 Nxe6 65. dxe6 Ke7 66. Rg2 Kxe6 67. Re3 d5 68. Rf3 Rg8 69. h4 Rg4 70. h5 e4 71. Rf1 Rh4 72. Rfg1 Rh3 73. Kc3 Rg4 74. h6 Kf7 75. Kd2 Kg6 76. h7 Kxh7 77. Kc3 Kg6 78. Kd2 d4 79. Ke2 Kg5 80. Kf1 Rf4+ 81. Ke2 Kg4 82. b4 cxb4 83. Rc1 Rh2 84. Rxh2 gxh2 85. Rh1 Kg3 86. Kd2 Kg2 87. Re1 h1Q 88. Rxh1 Kxh1 89. Kc2 Rf3 90. Kd2 Kg2 91. Ke2 b3 92. Kd2 Rc3 93. Ke2 b2 94. Kd2 b1Q 95. Ke2 Rc2# 0-1

[Event "Chicago op"]
[Site "Chicago"]
[Date "1996.??.??"]
[Round "?"]
[White "McCarthy, Brian"]
[Black "Kreiman, Boris"]
[Result "0-1"]
[WhiteElo "2290"]
[BlackElo "2415"]
[PlyCount "94"]
[EventDate "1996.??.??"]
[EventType "swiss"]
[EventRounds "9"]
[EventCountry "USA"]
[SourceTitle "EXT 2001"]
[Source "ChessBase"]
[SourceDate "2000.11.22"]
[SourceVersion "1"]
[SourceVersionDate "2000.11.22"]
[SourceQuality "1"]

1. d4 d5 2. Nf3 c6 3. c3 Nf6 4. Bf4 Bg4 5. Nbd2 Nbd7 6. h3 Bh5 7. e3 e6 8. Qb3 Qb6 9. Bd3 Be7 10. 0-0 Bg6 11. Bxg6 hxg6 12. Ne5 0-0 13. Nxd7 Nxd7 14. e4 Rfc8 15. exd5 cxd5 16. Nf3 Qc6 17. Ne5 Nxe5 18. Bxe5 b5 19. a4 a6 20. axb5 axb5 21. Rxa8 Rxa8 22. Bf4 Ra7 23. Rc1 Rb7 24. Qa2 Kh7 25. Qa8 Qd7 26. Ra1 b4 27. Ra6 bxc3 28. bxc3 g5 29. Bg3 Rb1+ 30. Kh2 Qb5 31. Ra1 Bf6 32. Rxb1 Qxb1 33. Qa7 Kg6 34. Be5 Bxe5+ 35. dxe5 Qe4 36. Qd4 Qxd4 37. cxd4 Kf5 38. g4+ Ke4 39. Kg3 Kxd4 40. f4 gxf4+ 41. Kxf4 Kc3 42. h4 d4 43. h5 d3 44. g5 d2 45. h6 gxh6 46. gxh6 d1Q 47. Kg5 Qg1+ 0-1

[Event "Chicago op"]
[Site "Chicago"]
[Date "1996.??.??"]
[Round "?"]
[White "McCarthy, Brian"]
[Black "Remlinger, Larry"]
[Result "1/2-1/2"]
[WhiteElo "2290"]
[BlackElo "2420"]
[PlyCount "95"]
[EventDate "1996.??.??"]
[EventType "swiss"]
[EventRounds "9"]
[EventCountry "USA"]
[SourceTitle "EXT 2001"]
[Source "ChessBase"]
[SourceDate "2000.11.22"]
[SourceVersion "1"]
[SourceVersionDate "2000.11.22"]
[SourceQuality "1"]

1. d4 Nf6 2. Nf3 g6 3. Bf4 Bg7 4. e3 d6 5. h3 0-0 6. Be2 c5 7. c3 Qb6 8. Qb3 Be6 9. Qxb6 axb6 10. a3 h6 11. Nbd2 Nc6 12. 0-0 Nd7 13. Bg3 f5 14. Rfe1 Bf7 15. Rad1 d5 16. Bb5 Rfc8 17. c4 e6 18. cxd5 exd5 19. Bxc6 bxc6 20. Ne5 Nxe5 21. Bxe5 Bf8 22. dxc5 bxc5 23. Nf3 Ra4 24. Bc3 Rb8 25. Ne5 Be8 26. g4 fxg4 27. hxg4 Rd8 28. f4 d4 29. Nf3 Bd7 30. Ne5 Bd6 31. exd4 cxd4 32. b3 Rxa3 33. Bxd4 Rxb3 34. Bf2 Bxe5 35. Rxe5 Rbb8 36. Rd6 Be8 37. Rde6 Rb1+ 38. Kh2 Rbb8 39. f5 gxf5 40. gxf5 Rd2 41. Kg3 Bd7 42. Rxh6 Kf7 43. Be3 Rd1 44. Kf4 Rg8 45. Rh7+ Kf6 46. Rh6+ Kf7 47. Bf2 Rf1 48. Kf3 1/2-1/2

[Event "New York op"]
[Site "New York"]
[Date "1994.??.??"]
[Round "1"]
[White "McCarthy, Brian"]
[Black "Orlov, Georgi"]
[Result "0-1"]
[WhiteElo "2230"]
[BlackElo "2515"]
[PlyCount "74"]
[EventDate "1994.03.30"]
[EventType "swiss"]
[EventRounds "9"]
[EventCountry "USA"]
[SourceTitle "CBM 040 Extra"]
[Source "ChessBase"]
[SourceDate "1994.07.01"]
[SourceVersion "1"]
[SourceVersionDate "1994.07.01"]
[SourceQuality "1"]

1. Nf3 Nf6 2. d4 e6 3. Bf4 b6 4. e3 Bb7 5. Bd3 Be7 6. h3 0-0 7. 0-0 c5 8. c3 Nc6 9. Bh2 d5 10. Nbd2 Bd6 11. Ne5 Ne7 12. Qe2 c4 13. Bc2 b5 14. a3 Ne4 15. f4 f6 16. Nef3 Qb6 17. Nxe4 dxe4 18. Nd2 f5 19. g4 Bd5 20. g5 Qc7 21. Rac1 Rfc8 22. Bg3 a5 23. Kh2 b4 24. cxb4 axb4 25. axb4 Bxb4 26. Bb3 cxb3 27. Rxc7 Rxc7 28. Be1 Bxd2 29. Bxd2 Bc4 30. Qd1 Bxf1 31. Qxf1 Rc2 32. Qd1 Ra2 33. Kg1 Raxb2 34. Be1 Nd5 35. Qa1 Rg2+ 36. Kh1 Rh2+ 37. Kg1 Rbg2+ 0-1

[Event "Nassau CC-ch"]
[Site "Mineola"]
[Date "1994.??.??"]
[Round "?"]
[White "McCarthy, Brian"]
[Black "Rohde, Michael A"]
[Result "0-1"]
[WhiteElo "2240"]
[BlackElo "2550"]
[PlyCount "92"]
[EventDate "1994.10.17"]
[EventType "swiss"]
[EventRounds "10"]
[EventCountry "USA"]
[SourceTitle "EXT 2002"]
[Source "ChessBase"]
[SourceDate "2001.11.25"]
[SourceVersion "1"]
[SourceVersionDate "2001.11.25"]
[SourceQuality "1"]

1. d4 Nf6 2. Nf3 d6 3. h3 c6 4. c3 g6 5. Bf4 Qb6 6. Qb3 Be6 7. Qxb6 axb6 8. a3 b5 9. Nbd2 Nd5 10. Bg3 f5 11. e3 Bh6 12. c4 bxc4 13. Bxc4 Nd7 14. 0-0 N7b6 15. Bb3 Kd7 16. Nc4 Na4 17. Rab1 Rhc8 18. Bh2 b5 19. Ncd2 c5 20. dxc5 Nxc5 21. Bd1 b4 22. axb4 Nxb4 23. Nd4 Bd5 24. Bf3 Bxf3 25. N2xf3 Ncd3 26. Rfd1 Ra2 27. Rd2 Bg7 28. Bg3 e5 29. Nb5 Rc2 30. Rxc2 Nxc2 31. Rd1 Ncb4 32. Nxd6 Kxd6 33. Ne1 Ra5 34. Nxd3 Rd5 35. Nxb4 Rxd1+ 36. Kh2 Rd2 37. b3 Kc5 38. Na6+ Kb6 39. Nb4 Bf8 40. Bxe5 Bxb4 41. Kg3 Kc6 42. f4 Kd5 43. Kf3 Ra2 44. g4 Be1 45. gxf5 gxf5 46. Bd4 Bh4 0-1

[Event "Nassau CC-ch"]
[Site "Mineola"]
[Date "1993.11.??"]
[Round "?"]
[White "McCarthy, Brian"]
[Black "Alexopoulos, Georgios"]
[Result "1/2-1/2"]
[WhiteElo "2245"]
[BlackElo "2255"]
[PlyCount "146"]
[EventDate "1993.10.18"]
[EventType "swiss"]
[EventRounds "10"]
[EventCountry "USA"]
[SourceTitle "EXT 2002"]
[Source "ChessBase"]
[SourceDate "2001.11.25"]
[SourceVersion "1"]
[SourceVersionDate "2001.11.25"]
[SourceQuality "1"]

1. d4 Nf6 2. Nf3 d5 3. Bf4 c5 4. c3 cxd4 5. cxd4 Qb6 6. Qb3 Qxb3 7. axb3 Nc6 8. e3 Bd7 9. Nc3 e6 10. Bb5 a6 11. Ne5 Nxe5 12. Bxe5 Bxb5 13. Nxb5 Rc8 14. Nc3 Bb4 15. Bxf6 gxf6 16. Ke2 Rg8 17. g3 Kd7 18. Rhc1 Rc6 19. Na2 Bd6 20. Rxc6 Kxc6 21. Nc3 f5 22. Rc1 Kd7 23. Na4 Rb8 24. Nb6+ Kd8 25. h3 h5 26. Kf3 Bc7 27. Na4 b6 28. Nc3 Kc8 29. Ne2 Kb7 30. Rc2 Rh8 31. h4 Rg8 32. Nc1 Bd6 33. Nd3 Rh8 34. Ne5 Bxe5 35. dxe5 Rg8 36. Kg2 Rg4 37. f3 Rb4 38. Rc3 a5 39. Kh3 b5 40. Rc2 Rxb3 41. Re2 Rb4 42. Rg2 a4 43. g4 fxg4+ 44. fxg4 Rxg4 45. Rxg4 hxg4+ 46. Kxg4 b4 47. h5 a3 48. bxa3 bxa3 49. h6 a2 50. h7 a1Q 51. h8Q Qg1+ 52. Kf3 Qf1+ 53. Kg3 Qe2 54. Qh6 d4 55. Qh1+ Kb6 56. exd4 Qe3+ 57. Qf3 Qxd4 58. Qxf7 Qxe5+ 59. Qf4 Qxf4+ 60. Kxf4 Kc6 61. Ke5 Kd7 62. Ke4 Kd6 63. Kd4 e5+ 64. Ke4 Ke6 65. Ke3 Kd5 66. Kd3 e4+ 67. Ke3 Ke5 68. Ke2 Kf4 69. Kf2 e3+ 70. Ke2 Ke4 71. Ke1 Kf3 72. Kf1 e2+ 73. Ke1 Ke3 1/2-1/2

[Event "Nassau CC-ch"]
[Site "Mineola"]
[Date "1993.??.??"]
[Round "?"]
[White "Braun, Leslie"]
[Black "McCarthy, Brian"]
[Result "0-1"]
[WhiteElo "2245"]
[BlackElo "2245"]
[PlyCount "72"]
[EventDate "1993.10.18"]
[EventType "swiss"]
[EventRounds "10"]
[EventCountry "USA"]
[SourceTitle "EXT 2002"]
[Source "ChessBase"]
[SourceDate "2001.11.25"]
[SourceVersion "1"]
[SourceVersionDate "2001.11.25"]
[SourceQuality "1"]

1. e4 g6 2. d4 Bg7 3. Nc3 c6 4. f4 d5 5. e5 h5 6. Be3 Nh6 7. Be2 Bg4 8. Nf3 e6 9. 0-0 Nd7 10. Qd2 Bf8 11. a3 Nb6 12. b3 Be7 13. Nd1 Nf5 14. Bf2 Nd7 15. Ne3 Bxf3 16. Bxf3 c5 17. c3 cxd4 18. cxd4 Nxe3 19. Bxe3 Rc8 20. Rfc1 Rxc1+ 21. Rxc1 0-0 22. a4 Nb8 23. Qe2 Qb6 24. Rc3 Nc6 25. Qd1 Rd8 26. Bf2 Kf8 27. Be2 Bb4 28. Rc2 a6 29. g3 Ba3 30. Rc3 Bb2 31. Rd3 Nb4 32. Rf3 Rc8 33. Be3 Nc2 34. Bf2 Bxd4 35. Bd3 Bxf2+ 36. Rxf2 Ne3 0-1

[Event "Nassau CC-ch"]
[Site "Mineola"]
[Date "1993.??.??"]
[Round "?"]
[White "McCarthy, Brian"]
[Black "Renna, Tony"]
[Result "1/2-1/2"]
[WhiteElo "2245"]
[BlackElo "2380"]
[PlyCount "109"]
[EventDate "1993.10.18"]
[EventType "swiss"]
[EventRounds "10"]
[EventCountry "USA"]
[SourceTitle "EXT 2002"]
[Source "ChessBase"]
[SourceDate "2001.11.25"]
[SourceVersion "1"]
[SourceVersionDate "2001.11.25"]
[SourceQuality "1"]

1. d4 Nf6 2. Nf3 g6 3. Bf4 Bg7 4. Nbd2 0-0 5. h3 d6 6. e4 Nbd7 7. Bh2 Re8 8. e5 dxe5 9. dxe5 Nd5 10. Be2 Nc5 11. 0-0 Ne6 12. Re1 Nef4 13. Bf1 Bh6 14. Ne4 c6 15. Nfg5 Ne6 16. Nxe6 Bxe6 17. Nc5 Qc8 18. c4 Nc7 19. Qd4 b6 20. Qh4 Bg7 21. Ne4 Bf5 22. Ng5 h6 23. Ne4 g5 24. Qh5 Ne6 25. Rad1 c5 26. f4 Bg6 27. Qf3 Nd4 28. Qf2 gxf4 29. Bxf4 Ne6 30. Nc3 Nxf4 31. Qxf4 Qf5 32. Qg3 Qg5 33. Qxg5 hxg5 34. Nb5 Red8 35. Rd5 e6 36. Rxd8+ Rxd8 37. Nxa7 Ra8 38. Nc6 Rxa2 39. Ne7+ Kh7 40. Nxg6 Kxg6 41. Bd3+ Kh6 42. Re2 Ra1+ 43. Kf2 Rd1 44. Bc2 Rd4 45. b3 Bh8 46. g3 Kg7 47. Kf3 Kf8 48. g4 Ke7 49. Kg3 b5 50. cxb5 Rb4 51. h4 gxh4+ 52. Kxh4 Rxb5 53. Kg3 Rb4 54. Re4 Rxe4 55. Bxe4 1/2-1/2

[Event "New York op"]
[Site "New York"]
[Date "1993.??.??"]
[Round "7"]
[White "McCarthy, Brian"]
[Black "Zlotnikov, Mikhail"]
[Result "0-1"]
[WhiteElo "2245"]
[BlackElo "2385"]
[PlyCount "82"]
[EventDate "1993.04.07"]
[EventType "swiss"]
[EventRounds "9"]
[EventCountry "USA"]
[SourceTitle "TD"]
[Source "ChessBase"]
[SourceDate "1994.03.01"]
[SourceVersion "1"]
[SourceVersionDate "1994.03.01"]
[SourceQuality "1"]

1. d4 Nf6 2. Nf3 c5 3. c3 b6 4. Bf4 Bb7 5. e3 g6 6. Nbd2 Bg7 7. h3 0-0 8. Be2 d6 9. 0-0 Nbd7 10. Bh2 a6 11. a4 Bc6 12. b4 Nd5 13. Qb3 a5 14. e4 N5f6 15. e5 Nd5 16. b5 Bb7 17. Bc4 e6 18. exd6 cxd4 19. cxd4 N7f6 20. Rfe1 Nb4 21. Ne5 Qxd6 22. Nc6 Qd7 23. Rxe6 Nxc6 24. Rd6 Nxd4 25. Qd3 Qf5 26. Rxd4 Ne4 27. Nxe4 Bxe4 28. Qxe4 Qxe4 29. Rxe4 Bxa1 30. Bc7 Rae8 31. Rxe8 Rxe8 32. Bxb6 Re4 33. Bb3 Bc3 34. g3 Rb4 35. Bc2 Rb2 36. Bd3 Ra2 37. Bc7 Rxa4 38. Bc2 Ra2 39. Be4 Rb2 40. b6 a4 41. Bd5 Ba5 0-1

[Event "New York op"]
[Site "New York"]
[Date "1993.??.??"]
[Round "4"]
[White "Wagman, Stuart"]
[Black "McCarthy, Brian"]
[Result "1-0"]
[WhiteElo "2205"]
[BlackElo "2245"]
[PlyCount "55"]
[EventDate "1993.04.07"]
[EventType "swiss"]
[EventRounds "9"]
[EventCountry "USA"]
[SourceTitle "TD"]
[Source "ChessBase"]
[SourceDate "1994.03.01"]
[SourceVersion "1"]
[SourceVersionDate "1994.03.01"]
[SourceQuality "1"]

1. e4 c5 2. Nf3 Nc6 3. d4 cxd4 4. Nxd4 Qb6 5. Nb3 e6 6. Be2 Nf6 7. Nc3 a6 8. 0-0 Be7 9. a4 Qc7 10. f4 d6 11. Bf3 Bd7 12. a5 b5 13. axb6 Qxb6+ 14. Kh1 Rb8 15. Qe2 Bc8 16. e5 dxe5 17. fxe5 Nd7 18. Bxc6 Qxc6 19. Qg4 g6 20. Bh6 Rb4 21. Qe2 Rh4 22. Qf2 Rxh6 23. Qxf7+ Kd8 24. Nd4 Qc4 25. Nxe6+ Qxe6 26. Qxe6 Rh4 27. Rad1 Re8 28. Qb6# 1-0

[Event "Summer Futurity"]
[Site "New York"]
[Date "1991.??.??"]
[Round "?"]
[White "Bonin, Jay R"]
[Black "McCarthy, Brian"]
[Result "1-0"]
[WhiteElo "2435"]
[BlackElo "2250"]
[PlyCount "95"]
[EventDate "1991.??.??"]
[EventType "tourn"]
[EventRounds "11"]
[EventCountry "USA"]
[SourceTitle "EXT 1997"]
[Source "ChessBase"]
[SourceDate "1996.11.15"]
[SourceVersion "1"]
[SourceVersionDate "1996.11.15"]
[SourceQuality "1"]

1. d4 Nf6 2. Nf3 b5 3. Bg5 Ne4 4. Qd3 Nxg5 5. Nxg5 c6 6. Nxh7 Qa5+ 7. Nd2 Na6 8. c3 b4 9. Nc4 Qh5 10. Nxf8 Kxf8 11. Qg3 bxc3 12. bxc3 Qf5 13. Nd2 Qc2 14. e4 d6 15. Bc4 Nc7 16. Bb3 Qb2 17. Rb1 Qa3 18. Nc4 Qa6 19. Nxd6 Be6 20. Nxf7 Kxf7 21. Qf4+ Kg8 22. Qxc7 Bxb3 23. Rxb3 Qxa2 24. Qb7 Qa1+ 25. Ke2 Qxh1 26. Qxa8+ Kh7 27. Qxc6 Qxg2 28. Rb5 Qg4+ 29. Ke3 Rc8 30. Rh5+ Kg8 31. h3 Qxh3+ 32. Rxh3 Rxc6 33. Kd3 Ra6 34. Rf3 Ra1 35. Kc4 a5 36. Kd5 a4 37. Ke6 Re1 38. c4 Rxe4+ 39. Kd5 Re2 40. c5 g5 41. Rc3 a3 42. Rxa3 Rxf2 43. Rc3 Rf8 44. c6 Rc8 45. c7 Kf7 46. Kc6 Ke8 47. d5 Ra8 48. Kb7 1-0